书目信息 |
| 题名: |
国际货物运输代理概论
|
|
| 作者: | 夏荣辉 主编 ;中国国际货运代理协会 编 | |
| 分册: | ||
| 出版信息: | 北京 中国商务出版社 2010 |
|
| 页数: | 347页 | |
| 开本: | 23cm | |
| 丛书名: | ||
| 单 册: | ||
| 中图分类: | F511.41 | |
| 科图分类: | ||
| 主题词: | 国际运输--货物运输--代理--考核--自学参考资料 , 国际运输 , 货物运输 , 代理 | |
| 电子资源: | ||
| ISBN: | 978-7-5103-0230-5 | |
| 000 | 01186nam0 22002891 450 | |
| 001 | 519 | |
| 005 | 20140909094727.70 | |
| 010 | @a978-7-5103-0230-5@dCNY40.00 | |
| 100 | @a20100712d2010 em y0chiy50 ea | |
| 101 | 0 | @achi |
| 102 | @aCN@b110000 | |
| 105 | @ay z 000yy | |
| 106 | @ar | |
| 200 | 1 | @a国际货物运输代理概论@AGuo Ji Huo Wu Yun Shu Dai Li Gai Lun@e2010年版@E2010 Nian Ban@f夏荣辉主编@FXia Rong Hui Zhu Bian@g中国国际货运代理协会编 |
| 210 | @a北京@c中国商务出版社@d2010 | |
| 215 | @a347页@d23cm | |
| 300 | @a全国国际货代行业从业人员岗位专业证书考试指导教材 全国经济贸易与交通运输类高等职业院校“双证书”教学指导用书 | |
| 330 | @a本书共10章,介绍了与国际货运代理有关国际货运代理行业的法律、法规、国际贸易条款、国际贸易运输保险、货代业务与信用证、“一关三检”、仓储、物流基础知识和国际货运代理操作业务的基础理论知识。 | |
| 606 | 0 | @a国际运输@x货物运输@x代理@x考核@j自学参考资料 |
| 606 | 0 | @a国际运输 |
| 606 | 0 | @a货物运输 |
| 606 | 0 | @a代理 |
| 690 | @aF511.41@v5 | |
| 701 | 0 | @a夏荣辉@AXia Rong Hui@4主编 |
| 712 | 02 | @a中国国际货运代理协会@AZhong Guo Guo Ji Huo Yun Dai Li Xie Hui@4编 |
| 801 | 0 | @aCN@bTANGWEI@c20140603 |
| 905 | @b0837018-20@dF511.41@e10@f3 | |
| 国际货物运输代理概论:2010年版/夏荣辉主编/中国国际货运代理协会编.-北京:中国商务出版社,2010 |
| 347页;23cm |
| 全国国际货代行业从业人员岗位专业证书考试指导教材 全国经济贸易与交通运输类高等职业院校“双证书”教学指导用书 |
| ISBN 978-7-5103-0230-5:CNY40.00 |
| 本书共10章,介绍了与国际货运代理有关国际货运代理行业的法律、法规、国际贸易条款、国际贸易运输保险、货代业务与信用证、“一关三检”、仓储、物流基础知识和国际货运代理操作业务的基础理论知识。 |
| ● |
| 相关链接 |
|
|
|
|
正题名:国际货物运输代理概论
索取号:F511.41/10
 
预约/预借
| 序号 | 登录号 | 条形码 | 馆藏地/架位号 | 状态 | 备注 |
| 1 | 0837018 | 208370181 | 第一样本阅览室/ [索取号:F511.41/10] | 在馆 | |
| 2 | 0837019 | 208370190 | 密集书库-海洋学院/ [索取号:F511.41/10] | 在馆 | |
| 3 | 0837020 | 208370207 | 第一借阅区/ [索取号:F511.41/10] | 在馆 |